[Event "AUTO-ELITE-2333"]
[Site "http://www.queenalice.com/game.php?id=1759117"]
[Date "2021.5.11"]
[Round "1"]
[White "FabioDavid"]
[Black "headhunter"]
[Result "0-1"]
[WhiteElo "2441"]
[BlackElo "2683"]

1. b3 c5 2. Bb2 Nc6 3. Nf3 Nf6 4. e3 e6 5. d4 d5 6. Bd3 Bd6 7. O-O O-O 8. Nbd2
b6 9. a3 Bb7 10. dxc5 bxc5 11. c4 a5 12. Qc2 d4 13. exd4 cxd4 14. Ne4 Nxe4 15.
Bxe4 f5 16. Bxc6 Bxc6 17. Nxd4 Bxh2+ 18. Kxh2 Qh4+ 19. Kg1 Bxg2 20. Kxg2 Qg4+
0-1

[Event "AUTO-ELITE-2333"]
[Site "http://www.queenalice.com/game.php?id=1759118"]
[Date "2021.5.11"]
[Round "1"]
[White "headhunter"]
[Black "FabioDavid"]
[Result "1-0"]
[WhiteElo "2686"]
[BlackElo "2439"]

1. e4 c5 2. Nf3 d6 3. d4 cxd4 4. Nxd4 Nf6 5. Nc3 a6 6. Be3 e6 7. f3 b5 8. g4 h6
9. Qd2 Nbd7 10. O-O-O Bb7 11. h4 b4 12. Na4 Qa5 13. b3 Nc5 14. a3 Nxa4 15. axb4
Qc7 16. bxa4 d5 17. e5 Nd7 18. f4 Nb6 19. Rh3 Nc4 20. Qc3 Rc8 21. f5 Nxe3 22.
Qxc7 Rxc7 23. Rxe3 Bxb4 24. fxe6 Bc5 25. exf7+ 1-0

[Event "AUTO-ELITE-2350"]
[Site "http://www.queenalice.com/game.php?id=1765834"]
[Date "2021.7.31"]
[Round "1"]
[White "grotegeest"]
[Black "headhunter"]
[Result "1-0"]
[WhiteElo "2788"]
[BlackElo "2574"]

1. e4 c5 2. Nf3 Nc6 3. d4 cxd4 4. Nxd4 Nf6 5. Nc3 d6 6. Bc4 e6 7. Be3 a6 8. Qe2
Qc7 9. O-O-O Na5 10. Bd3 b5 11. a3 Rb8 12. g4 Nd7 13. Rhe1 Be7 14. Nf5 Bf6 15.
Bf4 exf5 16. Nd5 Qc6 17. Nxf6+ gxf6 18. exf5+ Ne5 19. Bh6 1-0

[Event "AUTO-ELITE-2350"]
[Site "http://www.queenalice.com/game.php?id=1765835"]
[Date "2021.7.31"]
[Round "1"]
[White "headhunter"]
[Black "grotegeest"]
[Result "0-1"]
[WhiteElo "2570"]
[BlackElo "2792"]

1. e4 c5 2. Nf3 d6 3. d4 cxd4 4. Nxd4 Nf6 5. Nc3 g6 6. Be3 Bg7 7. f3 O-O 8. Qd2
Nc6 9. Bc4 Bd7 10. O-O-O Rc8 11. Bb3 Ne5 12. Kb1 Nc4 13. Bxc4 Rxc4 14. g4 b5 15.
b3 b4 16. bxc4 bxc3 17. Qxc3 Qc7 18. g5 Nh5 19. Ka1 Bh3 0-1

[Event "AUTO-ELITE-2350"]
[Site "http://www.queenalice.com/game.php?id=1765838"]
[Date "2021.7.31"]
[Round "1"]
[White "BEBADO"]
[Black "headhunter"]
[Result "0-1"]
[WhiteElo "2280"]
[BlackElo "2693"]

1. d4 Nf6 2. c4 g6 3. Nc3 Bg7 4. e4 d6 5. f3 O-O 6. Be3 Nc6 7. Qd2 a6 8. h4 h5
9. O-O-O b5 10. cxb5 axb5 11. Bxb5 Na5 12. Kb1 c6 13. Bd3 Ba6 14. Nge2 Qb6 15.
Nc1 Rfb8 16. Rhe1 Bxd3+ 17. Nxd3 Nc4 18. Qf2 Qa5 0-1

[Event "AUTO-ELITE-2350"]
[Site "http://www.queenalice.com/game.php?id=1765839"]
[Date "2021.7.31"]
[Round "1"]
[White "headhunter"]
[Black "BEBADO"]
[Result "1-0"]
[WhiteElo "2698"]
[BlackElo "2290"]

1. e4 c5 2. Nf3 d6 3. d4 cxd4 4. Nxd4 Nf6 5. Nc3 Nc6 6. Bg5 e6 7. Qd2 a6 8.
O-O-O Bd7 9. f3 Qc7 10. Kb1 b5 11. Nxc6 Bxc6 12. Ne2 Be7 13. Nd4 Bb7 14. h4 O-O
15. g4 Rac8 16. Bd3 Rfe8 17. Rhe1 Nd7 18. Bxe7 Rxe7 19. h5 Qb6 20. Bf1 d5 21. e5
b4 22. Qg5 Qd8 23. Qd2 a5 24. f4 Nb6 25. f5 1-0

[Event "AUTO-OPEN-4300"]
[Site "http://www.queenalice.com/game.php?id=1766923"]
[Date "2021.8.14"]
[Round "1"]
[White "MarcosT"]
[Black "headhunter"]
[Result "0-1"]
[WhiteElo "2167"]
[BlackElo "2691"]

1. e4 c5 2. Nf3 Nc6 3. Bc4 e6 4. Nc3 a6 5. a4 Nf6 6. d3 d5 7. Ba2 dxe4 8. Nxe4
Nxe4 9. dxe4 Qxd1+ 10. Kxd1 Be7 11. Bf4 b5 12. axb5 axb5 13. Ke2 c4 14. c3 f6
15. e5 O-O 16. exf6 Bxf6 17. Rhe1 Bb7 18. Bg3 Ra6 19. Bxc4 bxc4 0-1

[Event "AUTO-OPEN-4300"]
[Site "http://www.queenalice.com/game.php?id=1766924"]
[Date "2021.8.14"]
[Round "1"]
[White "headhunter"]
[Black "MarcosT"]
[Result "1-0"]
[WhiteElo "2690"]
[BlackElo "2167"]

1. e4 c5 2. Nf3 e6 3. d4 cxd4 4. Nxd4 Nf6 5. Nc3 Bb4 6. e5 Nd5 7. Bd2 Nxc3 8.
bxc3 Be7 9. Qg4 Kf8 10. Bd3 d6 11. f4 dxe5 12. fxe5 f5 13. exf6 Bxf6 14. O-O 1-0

[Event "AUTO-OPEN-4300"]
[Site "http://www.queenalice.com/game.php?id=1766949"]
[Date "2021.8.14"]
[Round "1"]
[White "maurice91"]
[Black "headhunter"]
[Result "0-1"]
[WhiteElo "1831"]
[BlackElo "2694"]

1. d4 Nf6 2. Nf3 g6 3. c4 Bg7 4. e3 d6 5. Nc3 O-O 6. Be2 Nbd7 7. O-O e5 8. dxe5
dxe5 9. e4 c6 10. Bg5 h6 11. Be3 Ng4 12. Bd2 Nc5 13. Qc2 f5 14. Rad1 fxe4 15.
Nxe4 Nxe4 16. Bxh6 Qf6 17. Bxg7 Kxg7 18. Qxe4 Bf5 19. Rd7+ Bxd7 20. Qc2 Rae8 21.
h4 Bf5 22. Qb3 Re7 23. Ng5 e4 24. g3 Ne5 25. Rd1 Nd3 26. g4 Bxg4 27. f3 Nf4 28.
Nxe4 Rxe4 29. fxe4 Nxe2+ 30. Kh1 Bf3+ 31. Kh2 Qxh4# 0-1

[Event "AUTO-OPEN-4300"]
[Site "http://www.queenalice.com/game.php?id=1766950"]
[Date "2021.8.14"]
[Round "1"]
[White "headhunter"]
[Black "maurice91"]
[Result "1-0"]
[WhiteElo "2695"]
[BlackElo "1855"]

1. e4 c6 2. d4 d5 3. e5 Bf5 4. Nf3 e6 5. Be2 h6 6. O-O Bb4 7. c3 Ba5 8. Nbd2 Ne7
9. a4 O-O 10. Nh4 Bh7 11. Nb3 Bc7 12. Bd3 Bxd3 13. Qxd3 b6 14. f4 f5 15. Nf3 Ng6
16. Be3 Qe7 17. g3 Nh8 18. a5 a6 19. axb6 Bxb6 20. c4 Nd7 21. c5 Bc7 22. Rxa6
Rfb8 23. Rxc6 Ra2 24. Rxc7 Rxb2 25. Na5 R8b5 26. c6 Rxa5 27. cxd7 Nf7 28. Rfc1
Ra3 29. d8=Q+ Qxd8 30. Qxa3 1-0

[Event "AUTO-OPEN-4300"]
[Site "http://www.queenalice.com/game.php?id=1766967"]
[Date "2021.8.14"]
[Round "1"]
[White "headhunter"]
[Black "ChessColossos"]
[Result "1-0"]
[WhiteElo "2692"]
[BlackElo "1786"]

1. e4 e5 2. Nf3 Nc6 3. Bb5 Nf6 4. O-O Be7 5. Re1 d6 6. c3 Bd7 7. d4 a6 8. Ba4 b5
9. Bc2 O-O 10. Nbd2 h6 11. h3 exd4 12. cxd4 Re8 13. e5 dxe5 14. dxe5 Nh7 15. Be4
Ng5 16. Nxg5 Bxg5 17. Nf3 Be7 18. Re3 Bg5 19. Rd3 1-0

[Event "AUTO-ELITE-2333"]
[Site "http://www.queenalice.com/game.php?id=1771699"]
[Date "2021.10.8"]
[Round "2"]
[White "trompmaster"]
[Black "headhunter"]
[Result "1-0"]
[WhiteElo "2524"]
[BlackElo "2689"]

1. b3 c5 2. Bb2 Nc6 3. Nf3 d5 4. e3 Nf6 5. Bb5 Qb6 6. c4 dxc4 7. Bxc4 Bg4 8. Nc3
e6 9. h3 Bh5 10. g4 Bg6 11. Nh4 O-O-O 12. Nxg6 hxg6 13. g5 Ne5 14. Na4 Qc6 15.
Bxe5 Qxh1+ 16. Ke2 Qxh3 17. gxf6 Qh5+ 18. Ke1 Qxe5 19. fxg7 Bxg7 20. Rc1 Kb8 21.
Qf3 Rd7 22. Bb5 Rc7 23. Bf1 Rd8 24. Bc4 b6 25. Ke2 Qd6 26. d3 Qc6 27. Qxc6 Rxc6
28. Ba6 Rcd6 29. a3 1-0

[Event "AUTO-ELITE-2333"]
[Site "http://www.queenalice.com/game.php?id=1771700"]
[Date "2021.10.8"]
[Round "2"]
[White "headhunter"]
[Black "trompmaster"]
[Result "0-1"]
[WhiteElo "2701"]
[BlackElo "2512"]

1. e4 b6 2. d4 e6 3. Nf3 Bb7 4. Bd3 c5 5. c3 d5 6. e5 Ne7 7. O-O Nbc6 8. Be3 Ng6
9. Nbd2 Be7 10. Re1 Rc8 11. a3 c4 12. Bc2 Na5 13. g3 Kd7 14. Qe2 Kc7 15. b4 Nc6
16. a4 a6 17. b5 Na5 18. bxa6 Bxa6 19. Nb1 Kb7 20. h4 h5 21. Ng5 Qg8 22. Nxe6
Nxe5 23. Nf4 Nd3 24. Nxd3 cxd3 0-1

[Event "AUTO-OPEN-4270"]
[Site "http://www.queenalice.com/game.php?id=1773573"]
[Date "2021.10.30"]
[Round "2"]
[White "headhunter"]
[Black "DAlessandro"]
[Result "1-0"]
[WhiteElo "2699"]
[BlackElo "1590"]

1. e4 c5 2. Nf3 d6 3. d4 cxd4 4. Nxd4 e6 5. Nc3 Nf6 6. Be3 Bd7 7. f3 Be7 8. Qd2
e5 9. Nb3 Nc6 10. O-O-O a5 11. Bb5 1-0

[Event "AUTO-OPEN-4270"]
[Site "http://www.queenalice.com/game.php?id=1773574"]
[Date "2021.10.30"]
[Round "2"]
[White "DAlessandro"]
[Black "headhunter"]
[Result "0-1"]
[WhiteElo "1588"]
[BlackElo "2700"]

1. c4 Nf6 2. d3 g6 3. Nc3 Bg7 4. Bd2 O-O 5. Nf3 b6 6. e3 Bb7 7. Be2 c5 8. O-O e6
9. Re1 d5 10. cxd5 exd5 11. Rc1 Nbd7 0-1

[Event "AUTO-OPEN-4270"]
[Site "http://www.queenalice.com/game.php?id=1773577"]
[Date "2021.10.30"]
[Round "2"]
[White "headhunter"]
[Black "Shizumaru_Hisame"]
[Result "0-1"]
[WhiteElo "2648"]
[BlackElo "1855"]

1. e4 e6 2. d4 c5 3. Nf3 d5 4. exd5 exd5 5. Bb5+ Bd7 6. Bxd7+ Nxd7 7. O-O f5 8.
Re1+ Be7 9. Nc3 Ngf6 10. Qe2 O-O 11. Qxe7 Qc7 12. Qe6+ Kh8 13. Nxd5 Qc6 14. Qxc6
bxc6 15. Nxf6 Rxf6 0-1

[Event "AUTO-OPEN-4270"]
[Site "http://www.queenalice.com/game.php?id=1773578"]
[Date "2021.10.30"]
[Round "2"]
[White "Shizumaru_Hisame"]
[Black "headhunter"]
[Result "1-0"]
[WhiteElo "1885"]
[BlackElo "2633"]

1. e4 c5 2. Bc4 e6 3. Nc3 Nc6 4. Nge2 Nf6 5. d4 cxd4 6. Nxd4 Bb4 7. Nxc6 bxc6 8.
O-O d5 9. exd5 cxd5 10. Bd3 O-O 11. Ne2 e5 12. c3 Bd6 13. Qc2 e4 14. Bb5 Qc7 15.
g3 1-0